| 000 | 00692cam a22002294a 4500 | ||
|---|---|---|---|
| 001 | 000479 | ||
| 003 | BD-ChCU | ||
| 005 | 20230204155840.0 | ||
| 008 | 2005s2014 acau b 001 0 eng | ||
| 020 | _a1891389394 | ||
| 040 |
_aDNLM/DLC _cDLC _dYDX _dNLM _dBAKER _dDLC |
||
| 082 | 0 | 0 | _a570/C4541p |
| 100 |
_aChang Raymond _c |
||
| 245 | 0 | 0 |
_aProblems and sollutions to accompany physical chemistry for the biosciences. _c _cRaymond Chang |
| 250 | _aed. | ||
| 260 |
_aCalifornia. _cUniversity Science Books. _c2005 |
||
| 300 | _a247p. | ||
| 504 | _aIncludes index. Source : Purchase. | ||
| 650 | 1 | 2 |
_aLife Science. _cLife Science. |
| 700 | 1 | _aMarshall, Mark D. | |
| 942 |
_2ddc _cBK |
||
| 999 |
_c479 _d479 |
||